| 000 | 00923nam a2200229Ia 4500 | ||
|---|---|---|---|
| 001 | 16798 | ||
| 005 | 20260331164717.0 | ||
| 008 | 260306t2018||||xx |||||||||||||| ||und|| | ||
| 041 | _aESP | ||
| 082 |
_a657 _bP21B |
||
| 100 |
_aPalomino Hurtado, Carlos _eAUT |
||
| 245 | 0 | _aContabilidad básica | |
| 260 | _c2018 | ||
| 300 |
_a279 páginas : _c25 cm. |
||
| 650 | _aGEN | ||
| 654 | _aCCO | ||
| 856 |
_uhttps://itmsp.museknowledge.com/UCSP?url=https://www.ebooks7-24.com:443/?il=19626&pg=1 _zVéase además: Contabilidad básica bajo NIIF. Versión digital |
||
| 856 |
_uhttps://0u213uuj8-y-https-ebooks7--24-com.itmsp.museknowledge.com/biblioteca.aspx _zVéase además: Base de datos Ebook7-24 |
||
| 856 |
_uhttps://www.legismovil.pe/LNP.asp _zVéase además: Base de datos Legis Móvil |
||
| 856 |
_uhttps://legal.legis.com.pe/home/Corporativo _zVéase además: Base de datos Multilegis |
||
| 942 |
_cLIB _dJUS _fJUS _2ddc |
||
| 999 |
_c16798 _d16798 |
||